| 000 | 00415nam a22001577a 4500 | ||
|---|---|---|---|
| 008 | 250703b |||||||| |||| 00| 0 eng d | ||
| 020 | _a0713663634 | ||
| 050 |
_aPN 4784 _b.D53 |
||
| 100 | _aDick Jill | ||
| 245 | _aWriting Handbooks Freelance Writing For Newspapers | ||
| 250 | _a3rd | ||
| 260 |
_aLondon _bA&C Black Publishers Limited _c2003 |
||
| 300 | _a186p. | ||
| 650 | _afreelance journalism | ||
| 942 | _cBK | ||
| 999 |
_c4085 _d4085 |
||